Faculty of Law Library — Cairo University

Official Online Catalog

Human rights in the world : (Record no. 60431)

MARC details
000 -LEADER
fixed length control field 01200pam a2200325 a 4500
003 - CONTROL NUMBER IDENTIFIER
control field EG-GICUC
005 - DATE AND TIME OF LATEST TRANSACTION
control field 20260203093351.0
008 - FIXED-LENGTH DATA ELEMENTS--GENERAL INFORMATION
fixed length control field 890621s1989 enk frb 001 0 eng d
020 ## - INTERNATIONAL STANDARD BOOK NUMBER
International Standard Book Number 0719022789
020 ## - INTERNATIONAL STANDARD BOOK NUMBER
International Standard Book Number 9780719022784
040 ## - CATALOGING SOURCE
Original cataloging agency DLC
Transcribing agency DLC
Modifying agency DLC
-- EG-GICUC
Language of cataloging eng
Description conventions rda
050 00 - LIBRARY OF CONGRESS CALL NUMBER
Classification number K3240.4
Item number .R6 1989
082 00 - DEWEY DECIMAL CLASSIFICATION NUMBER
Classification number 341.48
Edition number 21
092 04 - LOCALLY ASSIGNED DEWEY CALL NUMBER (OCLC)
Edition number 21
099 ## - LOCAL FREE-TEXT CALL NUMBER (OCLC)
Classification number Law 11 1989
100 1# - MAIN ENTRY--PERSONAL NAME
Personal name Robertson, A. H.
Fuller form of name (Arthur Henry),
Dates associated with a name 1913-
245 10 - TITLE STATEMENT
Title Human rights in the world :
Remainder of title an introduction to the study of the international protection of human rights /
Statement of responsibility, etc. by A.H. Robertson and J.G. Merrills.
250 ## - EDITION STATEMENT
Edition statement 3rd edition.
264 ## - PRODUCTION, PUBLICATION, DISTRIBUTION, MANUFACTURE, AND COPYRIGHT NOTICE
Place of production, publication, distribution, manufacture Manchester [England] ;
-- New York :
Name of producer, publisher, distributor, manufacturer Manchester University Press ;
Place of production, publication, distribution, manufacture New York, NY, USA :
Name of producer, publisher, distributor, manufacturer Distributed exclusively in the USA and Canada by St. Martin's Press,
Date of production, publication, distribution, manufacture, or copyright notice 1989.
300 ## - PHYSICAL DESCRIPTION
Extent vi, 314 peges ;
Dimensions 23 cm.
336 ## - CONTENT TYPE
Content type term text
Source rdacontent
337 ## - MEDIA TYPE
Media type term Computer
Source rdamedia
338 ## - CARRIER TYPE
Carrier type term Online Resource
Source rdacarrier
504 ## - BIBLIOGRAPHY, ETC. NOTE
Bibliography, etc. note Includes bibliographical references and index.
650 #0 - SUBJECT ADDED ENTRY--TOPICAL TERM
Topical term or geographic name entry element Human rights.
700 1# - ADDED ENTRY--PERSONAL NAME
Personal name Merrills, J. G.
856 40 - ELECTRONIC LOCATION AND ACCESS
Uniform Resource Identifier <a href="https://fll.law.cu.edu.eg/fulltext/bks/ENGB11-00112.pdf">https://fll.law.cu.edu.eg/fulltext/bks/ENGB11-00112.pdf</a>
905 ## - Cataloger and Reviser Names
Cataloger Name: Hend El khosy
942 ## - ADDED ENTRY ELEMENTS (KOHA)
Source of classification or shelving scheme Dewey Decimal Classification
Koha item type Books
Edition 21
Suppress in OPAC No
Holdings
Withdrawn status Lost status Source of classification or shelving scheme Damaged status Not for loan Collection Home library Current library Date acquired Total checkouts Full call number Barcode Date last seen Copy number Price effective from Koha item type Public note
    Dewey Decimal Classification     القانون الدولي العام جــــامعة القــاهرة مكتبة كلية الحقوق - فـرع الشيخ زايد 03.02.2026   Law2 11 341.48 RO . H 3 ed -1989 1100112 C1 ENGB11-00112 03.02.2026 1 03.02.2026 Books 1489

© All rights reserved — Faculty of Law, Cairo University